Statystyki dla Polscy youtuberzy piłkarscy

Kliknij tutaj aby rozwiązać quiz!

Ogólne statystyki

  • Ten quiz został rozwiązany 221 razy
  • Średni wynik to 6 z 15

Statystyki odpowiedzi

specjalizacjaOdpowiedź% Poprawnych
fifa, chalange piłkarskieLachu
90%
fifaPLKD
69%
fifaJcob
68%
fifaKoza Sport
56%
fifaKamyk
55%
piłka nożna na boiskuTRENUJ Z KRZYCHEM
48%
newsy piłkarskieOstatni Gwizdek
37%
newsy piłkarskieFootroll
30%
freestyleJUSTEK FREESTYLE
30%
relacje z swoich meczówLis Pola Karnego
27%
newsy piłkarskiePiłkarzyki
26%
fifaZwykły Kibic
22%
piosenki piłkarskie i chalangeQesek
19%
wywiady z piłkarzamiFoot Truck
8%
ciekawostki piłkarskiekonrad shymansky
7%

Rozkład punktacji

Percentyl według liczby udzielonych odpowiedzi

Procent ludzi z każdym wynikiem

Twoja historia wyników

Nie rozwiązałeś tego quizu